Achiral non-branched rod-shaped liquid crystals showing anticlinic smectic phase/
Bewaard in:
| Andere auteurs: | , , , , |
|---|---|
| Formaat: | Artikel |
| Taal: | English |
| Onderwerpen: | |
| Tags: |
Voeg label toe
Geen labels, Wees de eerste die dit record labelt!
|
| Thư viện lưu trữ: | Thư viện Trường Đại học Đà Lạt |
|---|
| LEADER | 01043nam a2200349 4500 | ||
|---|---|---|---|
| 001 | DLU090095567 | ||
| 005 | ##20091201 | ||
| 040 | # | # | |a DLU |b eng |
| 041 | # | # | |a eng |
| 044 | # | # | |a us |
| 245 | # | # | |a Achiral non-branched rod-shaped liquid crystals showing anticlinic smectic phase/ |c Isa Nishiyama ... [et al.]. |
| 653 | # | # | |a Azo compounds |
| 653 | # | # | |a Lamellar structure |
| 653 | # | # | |a Liquid crystals |
| 653 | # | # | |a Molecular structure |
| 653 | # | # | |a Organic compounds |
| 653 | # | # | |a Transition temperature |
| 700 | # | # | |a Goodby, John W. |
| 700 | # | # | |a Nishiyama, Isa. |
| 700 | # | # | |a Yamamoto, Jun. |
| 700 | # | # | |a Yamamoto, Takahiro. |
| 700 | # | # | |a Yokoyama, Hiroshi. |
| 773 | # | # | |t Journal of Materials Chemistry |g Vol. 13, no. 8 (2003), p. 1868-1876 |
| 920 | # | # | |a Phòng Tạp chí -- Trung tâm Thông tin - Thư viện Trường Đại học Đà Lạt |
| 994 | # | # | |a DLU |
| 900 | # | # | |a True |
| 911 | # | # | |a Trương Bảo Trâm Anh |
| 925 | # | # | |a G |
| 926 | # | # | |a A |
| 927 | # | # | |a BB |
| 980 | # | # | |a Thư viện Trường Đại học Đà Lạt |